[Event "Robecchetto Primavera op 12th"]
[Site "Robecchetto"]
[Date "2015.04.09"]
[Round "2"]
[White "Ongaro, Andrea"]
[Black "Fadali, Mustafa"]
[Result "0-1"]
[WhiteElo "1708"]
[BlackElo "1866"]
[PlyCount "68"]
[EventDate "2015.04.02"]
[EventType "swiss"]
[EventRounds "7"]
[EventCountry "ITA"]
[SourceTitle "EXT 2017"]
[Source "ChessBase"]
[SourceDate "2016.10.25"]
[SourceVersion "1"]
[SourceVersionDate "2016.10.25"]
[SourceQuality "1"]

1. e4 c5 2. Nf3 d6 3. d4 cxd4 4. Nxd4 Nf6 5. Nc3 a6 6. f3 Nc6 7. Be3 e6 8. Qd2 Qc7 9. 0-0-0 Be7 10. Kb1 Bd7 11. g4 h6 12. h4 Ne5 13. g5 hxg5 14. Bxg5 b5 15. Bd3 Nc4 16. Bxc4 bxc4 17. f4 Rb8 18. e5 dxe5 19. fxe5 Ba3 20. b3 Nh7 21. Ne4 a5 22. Nd6+ Bxd6 23. exd6 Qc5 24. Rhf1 Nxg5 25. hxg5 a4 26. Qf4 0-0 27. Rde1 axb3 28. cxb3 cxb3 29. Nxb3 Qa3 30. Rf2 Rxb3+ 31. axb3 Qxb3+ 32. Rb2 Qd3+ 33. Ka1 Ra8+ 34. Ra2 Qc3+ 0-1

[Event "Robecchetto Primavera op 12th"]
[Site "Robecchetto"]
[Date "2015.04.02"]
[Round "1"]
[White "Moroni, Luca"]
[Black "Ongaro, Andrea"]
[Result "1/2-1/2"]
[WhiteElo "1824"]
[BlackElo "1708"]
[PlyCount "68"]
[EventDate "2015.04.02"]
[EventType "swiss"]
[EventRounds "7"]
[EventCountry "ITA"]
[SourceTitle "EXT 2017"]
[Source "ChessBase"]
[SourceDate "2016.10.25"]
[SourceVersion "1"]
[SourceVersionDate "2016.10.25"]
[SourceQuality "1"]

1. d4 Nf6 2. Nf3 d5 3. Bf4 Bf5 4. Nc3 e6 5. e3 c6 6. Be2 Bb4 7. 0-0 h6 8. Bd3 Bxd3 9. Qxd3 Nh5 10. Be5 Nd7 11. a3 Be7 12. h3 Nxe5 13. Nxe5 0-0 14. Qe2 Nf6 15. e4 dxe4 16. Rad1 Qc7 17. Nxe4 Rfd8 18. c4 Nxe4 19. Qxe4 Bf6 20. Ng4 Bg5 21. Ne5 Bf6 22. f4 Bxe5 23. Qxe5 Qxe5 24. dxe5 Kf8 25. Kf2 c5 26. Ke3 Ke7 27. Ke4 Rxd1 28. Rxd1 Rd8 29. Rxd8 Kxd8 30. g4 a5 31. b3 Kd7 32. h4 Kc6 33. a4 Kd7 34. h5 Ke7 1/2-1/2

[Event "Robecchetto op-B 25th"]
[Site "Robecchetto"]
[Date "2014.12.28"]
[Round "4"]
[White "Moroni, Luca"]
[Black "Ongaro, Andrea"]
[Result "1/2-1/2"]
[WhiteElo "1868"]
[BlackElo "1717"]
[PlyCount "45"]
[EventDate "2014.12.26"]
[EventType "swiss"]
[EventRounds "6"]
[EventCountry "ITA"]
[SourceTitle "EXT 2017"]
[Source "ChessBase"]
[SourceDate "2016.10.25"]
[SourceVersion "1"]
[SourceVersionDate "2016.10.25"]
[SourceQuality "1"]

1. Nf3 Nf6 2. d4 d5 3. Bf4 e6 4. e3 Bd6 5. Bxd6 Qxd6 6. c3 Nc6 7. Bd3 e5 8. dxe5 Nxe5 9. Be2 0-0 10. Nbd2 Bf5 11. Nxe5 Qxe5 12. Nf3 Qe7 13. 0-0 Rfe8 14. Qa4 a6 15. Rfe1 Rad8 16. Rad1 c6 17. a3 Ne4 18. Nd4 Qg5 19. Nxf5 Qxf5 20. Bf3 Ng5 21. Bg4 Qf6 22. Qd4 Qg6 23. Qf4 1/2-1/2

[Event "Robecchetto Autunn op 11th"]
[Site "Robecchetto"]
[Date "2014.11.20"]
[Round "7"]
[White "Pappalardo, Antonio"]
[Black "Ongaro, Andrea"]
[Result "0-1"]
[WhiteElo "1724"]
[BlackElo "1723"]
[PlyCount "132"]
[EventDate "2014.10.09"]
[EventType "swiss"]
[EventRounds "7"]
[EventCountry "ITA"]
[SourceTitle "EXT 2016"]
[Source "ChessBase"]
[SourceDate "2015.10.08"]
[SourceVersion "1"]
[SourceVersionDate "2015.10.08"]
[SourceQuality "1"]

1. d4 Nf6 2. c4 c5 3. d5 b5 4. Qc2 bxc4 5. e4 d6 6. Bxc4 g6 7. Nc3 Bg7 8. Nf3 0-0 9. 0-0 Nbd7 10. h3 Ne8 11. Bf4 Nc7 12. Rfe1 Ba6 13. Bxa6 Nxa6 14. Rad1 Nb4 15. Qd2 c4 16. Bh6 Qb6 17. Bxg7 Kxg7 18. Re2 Rab8 19. Qd4+ Qxd4 20. Rxd4 Rfc8 21. e5 dxe5 22. Nxe5 Nxe5 23. Rxe5 e6 24. Re2 exd5 25. Red2 Nd3 26. b3 cxb3 27. R4xd3 Rxc3 28. Rxc3 b2 29. Rxb2 Rxb2 30. Ra3 Rb7 31. Kf1 Kf6 32. Ke2 Ke5 33. Kd3 h5 34. g3 g5 35. Ra5 f5 36. Ke3 f4+ 37. gxf4+ gxf4+ 38. Kf3 Rf7 39. Ra4 Kd6 40. Ra6+ Kc5 41. Ra5+ Kc4 42. Ra4+ Kc3 43. Ra3+ Kb4 44. Rb3+ Kc4 45. Ra3 d4 46. Ra4+ Kc3 47. Ra3+ Kc2 48. Ke4 d3 49. Ra5 Rc7 50. Rd5 d2 51. Kxf4 d1Q 52. Rxd1 Kxd1 53. Kg5 Ke2 54. f4 Rh7 55. Kg6 Rh8 56. Kg7 Rc8 57. Kg6 h4 58. Kg5 Kf2 59. f5 Kg2 60. f6 Rf8 61. Kxh4 Rxf6 62. Kg5 Ra6 63. h4 Rxa2 64. h5 Ra5+ 65. Kg6 Rxh5 66. Kxh5 a5 0-1

[Event "Robecchetto Autunn op 11th"]
[Site "Robecchetto"]
[Date "2014.11.06"]
[Round "5"]
[White "Garcia Rubi, Juan"]
[Black "Ongaro, Andrea"]
[Result "0-1"]
[WhiteElo "1394"]
[BlackElo "1723"]
[PlyCount "62"]
[EventDate "2014.10.09"]
[EventType "swiss"]
[EventRounds "7"]
[EventCountry "ITA"]
[SourceTitle "EXT 2016"]
[Source "ChessBase"]
[SourceDate "2015.10.08"]
[SourceVersion "1"]
[SourceVersionDate "2015.10.08"]
[SourceQuality "1"]

1. e4 c5 2. Nc3 Nc6 3. g3 Nf6 4. Bg2 e6 5. d3 d6 6. Nge2 Be7 7. 0-0 Bd7 8. h3 0-0 9. Be3 Rb8 10. Qd2 d5 11. exd5 exd5 12. Bg5 d4 13. Bxf6 Bxf6 14. Ne4 Be7 15. c3 f5 16. Nxc5 Bxc5 17. Qc2 Bb6 18. Rac1 Kh8 19. c4 Bc7 20. Qd2 Qf6 21. f4 Rfe8 22. Rc2 Re3 23. a3 a5 24. Nc3 Ne7 25. Nd1 Rxg3 26. Qf2 Rxd3 27. Rd2 Rxd2 28. Qxd2 Bc6 29. Rf2 Bxg2 30. Rxg2 Ng6 31. Rf2 Qd6 0-1

[Event "Robecchetto Autunn op 11th"]
[Site "Robecchetto"]
[Date "2014.10.30"]
[Round "4"]
[White "Ongaro, Andrea"]
[Black "Picierro, Giuliano"]
[Result "0-1"]
[WhiteElo "1723"]
[BlackElo "1572"]
[PlyCount "62"]
[EventDate "2014.10.09"]
[EventType "swiss"]
[EventRounds "7"]
[EventCountry "ITA"]
[SourceTitle "EXT 2016"]
[Source "ChessBase"]
[SourceDate "2015.10.08"]
[SourceVersion "1"]
[SourceVersionDate "2015.10.08"]
[SourceQuality "1"]

1. e4 e6 2. d4 d5 3. exd5 exd5 4. c4 Nf6 5. Nc3 Bb4 6. a3 Be7 7. cxd5 Nxd5 8. Bd3 c6 9. Nxd5 Qxd5 10. Be3 Qxg2 11. Qf3 Qxf3 12. Nxf3 Be6 13. Rg1 g6 14. Rd1 Nd7 15. Kd2 0-0 16. h4 Bd5 17. Ng5 Nf6 18. Rdf1 Rad8 19. Kc2 Rfe8 20. Nh3 Be4 21. Nf4 Bxd3+ 22. Nxd3 Nd5 23. h5 Rc8 24. hxg6 hxg6 25. Rg3 Bf6 26. Kd2 Bg7 27. Rh1 b6 28. b4 Re6 29. Ne5 Nxe3 30. Rxe3 Rd8 31. Ke2 Rxd4 0-1

[Event "Robecchetto Autunn op 11th"]
[Site "Robecchetto"]
[Date "2014.10.16"]
[Round "2"]
[White "Ongaro, Andrea"]
[Black "Barrera, Pietro"]
[Result "1/2-1/2"]
[WhiteElo "1723"]
[BlackElo "1905"]
[PlyCount "118"]
[EventDate "2014.10.09"]
[EventType "swiss"]
[EventRounds "7"]
[EventCountry "ITA"]
[SourceTitle "EXT 2016"]
[Source "ChessBase"]
[SourceDate "2015.10.08"]
[SourceVersion "1"]
[SourceVersionDate "2015.10.08"]
[SourceQuality "1"]

1. e4 e5 2. f4 Qh4+ 3. g3 Qe7 4. fxe5 Qxe5 5. Nc3 Bc5 6. Nf3 Qe7 7. Bc4 d6 8. d4 Bb4 9. 0-0 Bxc3 10. bxc3 f6 11. Ba3 Be6 12. Bxe6 Qxe6 13. e5 dxe5 14. dxe5 fxe5 15. Rb1 Nf6 16. Nxe5 Nbd7 17. Nxd7 0-0-0 18. Qf3 Qe4 19. Nxf6 Qxf3 20. Rxf3 gxf6 21. Rbf1 b6 22. Be7 Rd2 23. R1f2 Rd1+ 24. Kg2 Re8 25. Bxf6 Ra1 26. Bd4 Rxa2 27. Rf8 Kd7 28. Rh8 Re7 29. Rd2 Kc6 30. Rf8 Rd7 31. Rg8 Ra5 32. Rg7 Rad5 33. Rxd7 Rxd7 34. Kf2 Kb5 35. Ke2 Kc4 36. Bh8 Re7+ 37. Kd1 c5 38. Kc1 a5 39. Bf6 Rf7 40. Bd8 Rb7 41. Kb2 a4 42. Rd6 b5 43. Bf6 Rf7 44. g4 Ra7 45. Ka3 b4+ 46. cxb4 cxb4+ 47. Ka2 b3+ 48. cxb3+ axb3+ 49. Kb1 Ra2 50. h4 Rg2 51. Rd4+ Kb5 52. h5 Rf2 53. Rd7 Rxf6 54. Rxh7 Kc4 55. Rc7+ Kb4 56. Rb7+ Kc4 57. g5 Rf1+ 58. Kb2 Rf2+ 59. Kc1 Rf5 1/2-1/2

[Event "Robecchetto Autumn op 9th"]
[Site "Robecchetto"]
[Date "2012.11.22"]
[Round "7"]
[White "Moroni, Luca"]
[Black "Ongaro, Andrea"]
[Result "1/2-1/2"]
[WhiteElo "1873"]
[BlackElo "1579"]
[PlyCount "78"]
[EventDate "2012.10.04"]
[EventType "swiss"]
[EventRounds "7"]
[EventCountry "ITA"]
[SourceTitle "EXT 2024"]
[Source "ChessBase"]
[SourceDate "2023.10.10"]
[SourceVersion "1"]
[SourceVersionDate "2023.10.10"]
[SourceQuality "1"]

1. Nf3 Nf6 2. d4 d5 3. Bf4 Bg4 4. h3 Bxf3 5. exf3 e6 6. Bd3 Bd6 7. Be5 Qe7 8. f4 a6 9. Nd2 c5 10. c3 Nc6 11. Nf3 cxd4 12. 0-0 Rc8 13. cxd4 0-0 14. Rc1 Nb4 15. Bb1 h6 16. a3 Nc6 17. Re1 Nb8 18. Bxd6 Qxd6 19. Ne5 Nbd7 20. Qd3 Rfe8 21. Qf3 Nf8 22. g4 N6h7 23. Qg3 Rxc1 24. Rxc1 f6 25. Ng6 Nxg6 26. Bxg6 Rd8 27. h4 Nf8 28. h5 Nd7 29. Qe3 Nf8 30. Bd3 Qe7 31. Kg2 Qe8 32. f3 Rc8 33. Kg3 Qd8 34. Rxc8 Qxc8 35. Bg6 Nxg6 36. hxg6 Kf8 37. Qb3 Ke7 38. a4 Qd7 39. Qc2 b5 1/2-1/2

[Event "Robecchetto Autumn op 9th"]
[Site "Robecchetto"]
[Date "2012.11.15"]
[Round "6"]
[White "Ongaro, Andrea"]
[Black "Marchesotti, Giovanni"]
[Result "1-0"]
[WhiteElo "1579"]
[BlackElo "1555"]
[PlyCount "55"]
[EventDate "2012.10.04"]
[EventType "swiss"]
[EventRounds "7"]
[EventCountry "ITA"]
[SourceTitle "EXT 2024"]
[Source "ChessBase"]
[SourceDate "2023.10.10"]
[SourceVersion "1"]
[SourceVersionDate "2023.10.10"]
[SourceQuality "1"]

1. e4 d6 2. d4 g6 3. Be3 Bg7 4. Bc4 Nf6 5. Nc3 0-0 6. f3 Nbd7 7. Qd2 c6 8. Bh6 b5 9. Bxg7 Kxg7 10. Bd3 b4 11. Nce2 Qb6 12. Nh3 c5 13. c3 Bb7 14. Nf2 e5 15. d5 a5 16. c4 Qd8 17. g4 h6 18. 0-0-0 Nh7 19. h4 Qe7 20. Ng3 Nb6 21. Kb1 Ba6 22. Rc1 Bc8 23. Nd1 Bd7 24. Ne3 f6 25. Rcf1 Rf7 26. h5 Rh8 27. hxg6 Kxg6 28. Rxh6+ 1-0

[Event "Robecchetto Autumn op 9th"]
[Site "Robecchetto"]
[Date "2012.10.25"]
[Round "4"]
[White "Colombo, Maurizio"]
[Black "Ongaro, Andrea"]
[Result "1-0"]
[WhiteElo "1694"]
[BlackElo "1579"]
[PlyCount "67"]
[EventDate "2012.10.04"]
[EventType "swiss"]
[EventRounds "7"]
[EventCountry "ITA"]
[SourceTitle "EXT 2024"]
[Source "ChessBase"]
[SourceDate "2023.10.10"]
[SourceVersion "1"]
[SourceVersionDate "2023.10.10"]
[SourceQuality "1"]

1. d4 Nf6 2. c4 c5 3. d5 b5 4. cxb5 a6 5. f3 g6 6. e4 d6 7. Na3 Nbd7 8. Ne2 axb5 9. Nxb5 Qa5+ 10. Nec3 Bg7 11. Bd2 0-0 12. Be2 Ba6 13. 0-0 Rfb8 14. a4 Ne8 15. f4 Nc7 16. e5 dxe5 17. d6 Ne8 18. Nd5 Qd8 19. Nxe7+ Kf8 20. Nc6 Qb6 21. Nxb8 Rxb8 22. Be3 e4 23. Rb1 Qc6 24. Bc4 Nb6 25. b3 Nf6 26. h3 Rd8 27. Qe2 Nbd5 28. Rbc1 Nh5 29. Bxd5 Qxd5 30. Qc4 Qxc4 31. Rxc4 Bxb5 32. axb5 Rxd6 33. Bxc5 Ke7 34. Rd1 1-0

[Event "Robecchetto Spring op 9th"]
[Site "Robecchetto"]
[Date "2012.04.26"]
[Round "3"]
[White "Ongaro, Andrea"]
[Black "Trenti, Alessandro"]
[Result "1/2-1/2"]
[WhiteElo "1555"]
[BlackElo "1780"]
[PlyCount "24"]
[EventDate "2012.04.12"]
[EventType "swiss"]
[EventRounds "7"]
[EventCountry "ITA"]
[SourceTitle "EXT 2024"]
[Source "ChessBase"]
[SourceDate "2023.10.10"]
[SourceVersion "1"]
[SourceVersionDate "2023.10.10"]
[SourceQuality "1"]

1. e4 Nf6 2. e5 Nd5 3. d4 d6 4. Nf3 Bg4 5. Be2 e6 6. c4 Nb6 7. Nc3 Nc6 8. b3 Be7 9. Be3 0-0 10. 0-0 dxe5 11. dxe5 Nd7 12. Bf4 Rb8 1/2-1/2

[Event "Robecchetto Spring op 8th"]
[Site "Robecchetto"]
[Date "2011.04.29"]
[Round "5"]
[White "Ongaro, Andrea"]
[Black "Volpe, Antonio"]
[Result "1-0"]
[WhiteElo "1528"]
[BlackElo "1715"]
[PlyCount "99"]
[EventDate "2011.04.07"]
[EventType "swiss"]
[EventRounds "7"]
[EventCountry "ITA"]
[SourceTitle "EXT 2024"]
[Source "ChessBase"]
[SourceDate "2023.10.10"]
[SourceVersion "1"]
[SourceVersionDate "2023.10.10"]
[SourceQuality "1"]

1. e4 g6 2. d4 Bg7 3. Nc3 e6 4. Be3 d6 5. Qd2 h6 6. f4 Ne7 7. Nf3 Nd7 8. 0-0-0 a6 9. g4 b5 10. e5 Bb7 11. Bg2 Rb8 12. Rhg1 Nb6 13. b3 b4 14. Ne2 a5 15. Ng3 Ned5 16. Ne2 Nxe3 17. Qxe3 Nd5 18. Qd3 Ra8 19. Qb5+ Qd7 20. Qxd7+ Kxd7 21. Nd2 Rhb8 22. f5 a4 23. fxe6+ fxe6 24. Bxd5 Bxd5 25. Rgf1 Ke7 26. Nf4 axb3 27. Nxg6+ Ke8 28. axb3 Ra2 29. h4 Rba8 30. Rf2 Ra1+ 31. Nb1 R8a2 32. Rdf1 Be4 33. Nf4 Kd7 34. Nh5 Bh8 35. Nf6+ Bxf6 36. exf6 Ke8 37. Re1 d5 38. g5 hxg5 39. hxg5 Kf7 40. Re3 Ra8 41. Re1 Rh8 42. Kb2 Ra5 43. Nd2 Bg6 44. Nf3 Bf5 45. Ne5+ Kf8 46. Rxf5 exf5 47. Ng6+ Kg8 48. Nxh8 Kxh8 49. Re8+ Kh7 50. f7 1-0